000 01047nas a2200361 4500
001 BR8404900
003 BR-BrBNA
005 20231205090012.0
007 ta
008 230509b bl.|||p| |||| 00| 00por d
040 _aBR-BrBNA
_bpor
_cBiblioteca Nacional de Agricultura
041 _a(Pt)
072 _aL74
100 1 _aAnon.
245 1 _aSuplementacao mineral de bovinos de corte; problemas nutricionais, incluindo deficiencias, toxidez e desequilibrio mineral causam anualmente elevados prejuizos a pecuaria
650 _aGADO DE CORTE
650 _aDEFICIENCIA MINERAL
650 _aSUPLEMENTO MINERAL
650 _aTOXIDEZ
650 _aFOSFORO
650 _aSODIO
650 _aCLORO
650 _aPOTASSIO
650 _aMAGNESIO
650 _aENXOFRE
650 _aZINCO
650 _aCOBALTO
650 _aFERRO
650 _aCOBRE
773 0 _tAgricultura de Hoje (Brazil)
_xISSN 0100-5707
_g(Nov 1984), v. 10(99) p. 32-35
_wBR8404900
909 _a202311
_bLúcia
_c55
_dLúcia Elande
942 _2AGRIS
_n0
_cANA
999 _c115418
_d115418